000 00735cam a22002293a 4500
001 31315
003 PGUSA
005 20140828083658.0
008 100218s2010||||xxu|||||s|||||000 | eng d
040 _aPGUSA
_beng
042 _adc
050 4 _aE151
100 1 _aGrimké, Archibald Henry,
_d1849-1930
245 1 0 _aCharles Sumner Centenary :
_bHistorical Address : The American Negro Academy. Occasional Papers No. 14
_h[electronic resource] /
_cArchibald Henry Grimké
260 _bProject Gutenberg,
_c2010
506 _aPublic domain in the USA.
516 _aElectronic text
653 _aSumner, Charles, 1811-1874
830 0 _aProject Gutenberg
_v31315
856 4 0 _uhttp://www.gutenberg.org/ebooks/31315
942 _cEB
999 _c260570
_d260570